<?xml version="1.0" encoding="UTF-8"?>
<record
    xmlns:xsi="http://www.w3.org/2001/XMLSchema-instance"
    xsi:schemaLocation="http://www.loc.gov/MARC21/slim http://www.loc.gov/standards/marcxml/schema/MARC21slim.xsd"
    xmlns="http://www.loc.gov/MARC21/slim">

  <leader>02086nam a2200229Ia 4500</leader>
  <controlfield tag="003">IT-RoPAU</controlfield>
  <controlfield tag="005">20220918175724.0</controlfield>
  <controlfield tag="008">120407s9999    xx            000 0 und d</controlfield>
  <datafield tag="040" ind1=" " ind2=" ">
    <subfield code="a">IT-RoPAU</subfield>
  </datafield>
  <datafield tag="040" ind1=" " ind2=" ">
    <subfield code="c">IT-RoPAU</subfield>
  </datafield>
  <datafield tag="041" ind1=" " ind2=" ">
    <subfield code="a">ita</subfield>
  </datafield>
  <datafield tag="100" ind1=" " ind2=" ">
    <subfield code="a">Alberione, Giacomo</subfield>
    <subfield code="c">ssp</subfield>
    <subfield code="9">14</subfield>
  </datafield>
  <datafield tag="245" ind1=" " ind2=" ">
    <subfield code="a">Il cuore di D. Alberione per i Discepoli del Divin Maestro</subfield>
    <subfield code="b">Dal "S. Paolo" 1933-1966</subfield>
  </datafield>
  <datafield tag="250" ind1=" " ind2=" ">
    <subfield code="a">1&#xB0; ed.</subfield>
  </datafield>
  <datafield tag="260" ind1=" " ind2=" ">
    <subfield code="c">1975</subfield>
    <subfield code="a">Alba</subfield>
    <subfield code="b">Societ&#xE0; San Paolo</subfield>
  </datafield>
  <datafield tag="300" ind1=" " ind2=" ">
    <subfield code="a">166 p.</subfield>
    <subfield code="c">18 cm</subfield>
  </datafield>
  <datafield tag="490" ind1=" " ind2=" ">
    <subfield code="a">Uso manoscritto</subfield>
  </datafield>
  <datafield tag="500" ind1=" " ind2=" ">
    <subfield code="a">Coordinati a cura di Fratel Celestino Mario Rizzo S.S.P.</subfield>
  </datafield>
  <datafield tag="520" ind1=" " ind2=" ">
    <subfield code="a">INDICE
Presentazione;
Che vi vogliate bene, molto bene;
I quattro punti, ossia le quattro ruote;
"Donec formetur Christus in vobis";
Istanze varie;
Missionari paolini Discepoli del Divin Maestro;
Notizie varie: i Discepoli progrediscono;
Il laico consacrato;
Vocazioni dei Discepoli del Divin Maestro;
L'Apostolato tecnico...;
La preghiera;
Dopo l'approvazione pontificia;
Riprendere lo slancio degli inizi;
Il modello del Discepolo: S. Giuseppe;
Sempre maggiore unione...;
Per i Discepoli;
Le caratteristiche esterne del Discepolo;
Il gran giorno dei Discepoli;
Invito ai professionisti e alle elites;
Testimonianza ai Paolini della prima ora;
Ritocchi del 1956 alle Costituzioni per i Discepoli;
I membri, l'abito religioso, la precedenza;
Voto di fedelt&#xE0; al Romano Pontefice;
Peculiari doveri del superiore generale verso le Suore;
Membri del Capitolo provinciale;
Introduzione al primo Capitolo generale;
I Discepoli aggregati all'Unione Missionaria del Clero;
Vocazioni adulte;
Il Discepolo del Divin Maestro;
Ricordi di due importanti adunanze paoline;
Nel 1964 come nel 1914;
Giornata per i Discepoli di Ges&#xF9; Maestro;
1.Meditazione;
2.Le vocazioni;
3.Formazione spirituale;
4.Formazione intellettuale;
5.Formazione apostolica;
6.Formazione umano-religiosa;
7.La vita religiosa;
Il raduno del Consiglio Generalizio, Provinciali e Regionali;
Vocazione religiosa all'Apostolato dei mezzi di comunicazione sociale;
Il Sacerdote e il Discepolo.</subfield>
  </datafield>
  <datafield tag="942" ind1=" " ind2=" ">
    <subfield code="c">BK</subfield>
    <subfield code="2">ddc</subfield>
  </datafield>
  <datafield tag="999" ind1=" " ind2=" ">
    <subfield code="c">26846</subfield>
    <subfield code="d">26846</subfield>
  </datafield>
  <datafield tag="952" ind1=" " ind2=" ">
    <subfield code="0">0</subfield>
    <subfield code="1">0</subfield>
    <subfield code="2">ddc</subfield>
    <subfield code="4">0</subfield>
    <subfield code="6">P_A4</subfield>
    <subfield code="7">1</subfield>
    <subfield code="a">PAULUS</subfield>
    <subfield code="b">PAULUS</subfield>
    <subfield code="d">2012-04-11</subfield>
    <subfield code="l">0</subfield>
    <subfield code="o">P A4</subfield>
    <subfield code="r">2012-04-11 00:00:00</subfield>
    <subfield code="w">2012-04-11</subfield>
    <subfield code="y">BK</subfield>
  </datafield>
  <datafield tag="952" ind1=" " ind2=" ">
    <subfield code="0">0</subfield>
    <subfield code="1">0</subfield>
    <subfield code="2">ddc</subfield>
    <subfield code="4">0</subfield>
    <subfield code="6">P_A4</subfield>
    <subfield code="7">1</subfield>
    <subfield code="a">PAULUS</subfield>
    <subfield code="b">PAULUS</subfield>
    <subfield code="d">2013-11-11</subfield>
    <subfield code="l">0</subfield>
    <subfield code="o">P A4</subfield>
    <subfield code="r">2013-11-11 00:00:00</subfield>
    <subfield code="w">2013-11-11</subfield>
    <subfield code="y">BK</subfield>
  </datafield>
  <datafield tag="952" ind1=" " ind2=" ">
    <subfield code="0">0</subfield>
    <subfield code="1">0</subfield>
    <subfield code="2">ddc</subfield>
    <subfield code="4">0</subfield>
    <subfield code="6">P_A4</subfield>
    <subfield code="7">1</subfield>
    <subfield code="a">PAULUS</subfield>
    <subfield code="b">PAULUS</subfield>
    <subfield code="d">2013-11-11</subfield>
    <subfield code="l">0</subfield>
    <subfield code="o">P A4</subfield>
    <subfield code="r">2013-11-11 00:00:00</subfield>
    <subfield code="w">2013-11-11</subfield>
    <subfield code="y">BK</subfield>
  </datafield>
  <datafield tag="952" ind1=" " ind2=" ">
    <subfield code="0">0</subfield>
    <subfield code="1">0</subfield>
    <subfield code="2">ddc</subfield>
    <subfield code="4">0</subfield>
    <subfield code="6">P_A4</subfield>
    <subfield code="7">1</subfield>
    <subfield code="a">PAULUS</subfield>
    <subfield code="b">PAULUS</subfield>
    <subfield code="d">2013-11-11</subfield>
    <subfield code="l">0</subfield>
    <subfield code="o">P A4</subfield>
    <subfield code="r">2013-11-11 00:00:00</subfield>
    <subfield code="w">2013-11-11</subfield>
    <subfield code="y">BK</subfield>
  </datafield>
  <datafield tag="952" ind1=" " ind2=" ">
    <subfield code="0">0</subfield>
    <subfield code="1">0</subfield>
    <subfield code="2">ddc</subfield>
    <subfield code="4">0</subfield>
    <subfield code="6">P_A4</subfield>
    <subfield code="7">1</subfield>
    <subfield code="a">PAULUS</subfield>
    <subfield code="b">PAULUS</subfield>
    <subfield code="d">2013-11-11</subfield>
    <subfield code="l">0</subfield>
    <subfield code="o">P A4</subfield>
    <subfield code="r">2013-11-11 00:00:00</subfield>
    <subfield code="w">2013-11-11</subfield>
    <subfield code="y">BK</subfield>
  </datafield>
  <datafield tag="952" ind1=" " ind2=" ">
    <subfield code="0">0</subfield>
    <subfield code="1">0</subfield>
    <subfield code="2">ddc</subfield>
    <subfield code="4">0</subfield>
    <subfield code="6">P_A4</subfield>
    <subfield code="7">1</subfield>
    <subfield code="a">PAULUS</subfield>
    <subfield code="b">PAULUS</subfield>
    <subfield code="d">2013-11-11</subfield>
    <subfield code="l">0</subfield>
    <subfield code="o">P A4</subfield>
    <subfield code="r">2013-11-11 00:00:00</subfield>
    <subfield code="w">2013-11-11</subfield>
    <subfield code="y">BK</subfield>
  </datafield>
  <datafield tag="952" ind1=" " ind2=" ">
    <subfield code="0">0</subfield>
    <subfield code="1">0</subfield>
    <subfield code="2">ddc</subfield>
    <subfield code="4">0</subfield>
    <subfield code="6">P_A4</subfield>
    <subfield code="7">1</subfield>
    <subfield code="a">PAULUS</subfield>
    <subfield code="b">PAULUS</subfield>
    <subfield code="d">2013-11-11</subfield>
    <subfield code="l">0</subfield>
    <subfield code="o">P A4</subfield>
    <subfield code="r">2013-11-11 00:00:00</subfield>
    <subfield code="w">2013-11-11</subfield>
    <subfield code="y">BK</subfield>
  </datafield>
  <datafield tag="952" ind1=" " ind2=" ">
    <subfield code="0">0</subfield>
    <subfield code="1">0</subfield>
    <subfield code="2">ddc</subfield>
    <subfield code="4">0</subfield>
    <subfield code="6">P_A4</subfield>
    <subfield code="7">1</subfield>
    <subfield code="a">PAULUS</subfield>
    <subfield code="b">PAULUS</subfield>
    <subfield code="d">2013-11-11</subfield>
    <subfield code="l">0</subfield>
    <subfield code="o">P A4</subfield>
    <subfield code="r">2013-11-11 00:00:00</subfield>
    <subfield code="w">2013-11-11</subfield>
    <subfield code="y">BK</subfield>
  </datafield>
  <datafield tag="952" ind1=" " ind2=" ">
    <subfield code="0">0</subfield>
    <subfield code="1">0</subfield>
    <subfield code="2">ddc</subfield>
    <subfield code="4">0</subfield>
    <subfield code="6">P_A4</subfield>
    <subfield code="7">1</subfield>
    <subfield code="a">PAULUS</subfield>
    <subfield code="b">PAULUS</subfield>
    <subfield code="d">2013-11-11</subfield>
    <subfield code="l">0</subfield>
    <subfield code="o">P A4</subfield>
    <subfield code="r">2013-11-11 00:00:00</subfield>
    <subfield code="w">2013-11-11</subfield>
    <subfield code="y">BK</subfield>
  </datafield>
  <datafield tag="952" ind1=" " ind2=" ">
    <subfield code="0">0</subfield>
    <subfield code="1">0</subfield>
    <subfield code="2">ddc</subfield>
    <subfield code="4">0</subfield>
    <subfield code="6">P_A4</subfield>
    <subfield code="7">1</subfield>
    <subfield code="a">PAULUS</subfield>
    <subfield code="b">PAULUS</subfield>
    <subfield code="d">2013-11-11</subfield>
    <subfield code="l">0</subfield>
    <subfield code="o">P A4</subfield>
    <subfield code="r">2013-11-11 00:00:00</subfield>
    <subfield code="w">2013-11-11</subfield>
    <subfield code="y">BK</subfield>
  </datafield>
  <datafield tag="952" ind1=" " ind2=" ">
    <subfield code="0">0</subfield>
    <subfield code="1">0</subfield>
    <subfield code="2">ddc</subfield>
    <subfield code="4">0</subfield>
    <subfield code="6">P_A4</subfield>
    <subfield code="7">1</subfield>
    <subfield code="a">PAULUS</subfield>
    <subfield code="b">PAULUS</subfield>
    <subfield code="d">2013-11-11</subfield>
    <subfield code="l">0</subfield>
    <subfield code="o">P A4</subfield>
    <subfield code="r">2013-11-11 00:00:00</subfield>
    <subfield code="w">2013-11-11</subfield>
    <subfield code="y">BK</subfield>
  </datafield>
</record>
